Foreign A.C. Milan Players By Picture - Statistics

General Stats
  • This quiz has been taken 176 times
  • The average score is 13 of 16
Answer Stats
Picture Answer % Correct
KAKA
98%
Olivier Giroud
98%
David Beckham
97%
Zlatan Ibrahimovic
97%
Dida
94%
Andriy Shevchenko
90%
Jaap Stam
88%
Kevin-Prince Boateng
86%
Keisuke Honda
85%
Ante Rebic
82%
Marcel Desailly
70%
Marco van Basten
68%
Nigel de Jong
68%
Sulley Muntari
66%
Kakha Kaladze
57%
Zvonimir Boban
55%
No matching quizzes found
Score Distribution
Percent of People with Each Score
Percentile by Number Answered
Your Score History
You have not taken this quiz